MyGZULibrary

Investments / (Record no. 10571)

MARC details
000 -LEADER
fixed length control field 01459cam a2200361 a 4500
001 - CONTROL NUMBER
control field 15209716
003 - CONTROL NUMBER IDENTIFIER
control field GZU
005 - DATE AND TIME OF LATEST TRANSACTION
control field 20220607150404.0
008 - FIXED-LENGTH DATA ELEMENTS--GENERAL INFORMATION
fixed length control field 080307s2009 maua b 001 0 eng
010 ## - LIBRARY OF CONGRESS CONTROL NUMBER
LC control number 2008009854
020 ## - INTERNATIONAL STANDARD BOOK NUMBER
International Standard Book Number 9780073382371 (alk. paper)
020 ## - INTERNATIONAL STANDARD BOOK NUMBER
International Standard Book Number 007338237X (alk. paper)
035 ## - SYSTEM CONTROL NUMBER
System control number (OCoLC)213222983
Canceled/invalid control number (OCoLC)192082871
035 ## - SYSTEM CONTROL NUMBER
System control number (OCoLC)ocn213222983
040 ## - CATALOGING SOURCE
Original cataloging agency DLC
Transcribing agency DLC
Modifying agency BTCTA
-- BAKER
-- YDXCP
-- C#P
-- BWX
-- DLC
050 00 - LIBRARY OF CONGRESS CALL NUMBER
Classification number HG4521
Item number .BOD 2009
100 1# - MAIN ENTRY--PERSONAL NAME
Personal name Bodie, Zvi.
Relator term author
245 10 - TITLE STATEMENT
Title Investments /
Statement of responsibility, etc. Zvi Bodie, Alex Kane, Alan J. Marcus.
250 ## - EDITION STATEMENT
Edition statement 8th edition.
260 ## - PUBLICATION, DISTRIBUTION, ETC.
Place of publication, distribution, etc. Boston :
Name of publisher, distributor, etc. McGraw-Hill/Irwin,
Date of publication, distribution, etc. c2009.
300 ## - PHYSICAL DESCRIPTION
Extent 1 v. (various pagings) :
Other physical details illustrations. (some col.) ;
Dimensions 27 cm.
440 #4 - SERIES STATEMENT/ADDED ENTRY--TITLE
Title The McGraw-Hill/Irwin series in finance, insurance and real estate
504 ## - BIBLIOGRAPHY, ETC. NOTE
Bibliography, etc. note Includes bibliographical references and indexes.
650 #0 - SUBJECT ADDED ENTRY--TOPICAL TERM
Topical term or geographic name entry element Investments.
650 #0 - SUBJECT ADDED ENTRY--TOPICAL TERM
Topical term or geographic name entry element Portfolio management.
700 1# - ADDED ENTRY--PERSONAL NAME
Personal name Kane, Alex,
Dates associated with a name 1942-
Relator term author
700 1# - ADDED ENTRY--PERSONAL NAME
Personal name Marcus, Alan J.
Relator term author
856 41 - ELECTRONIC LOCATION AND ACCESS
Materials specified Table of contents only
Uniform Resource Identifier <a href="http://www.loc.gov/catdir/toc/ecip0812/2008009854.html">http://www.loc.gov/catdir/toc/ecip0812/2008009854.html</a>
856 42 - ELECTRONIC LOCATION AND ACCESS
Materials specified Contributor biographical information
Uniform Resource Identifier <a href="http://www.loc.gov/catdir/enhancements/fy0829/2008009854-b.html">http://www.loc.gov/catdir/enhancements/fy0829/2008009854-b.html</a>
906 ## - LOCAL DATA ELEMENT F, LDF (RLIN)
a 7
b cbc
c orignew
d 1
e ecip
f 20
g y-gencatlg
942 ## - ADDED ENTRY ELEMENTS (KOHA)
Source of classification or shelving scheme Library of Congress Classification
Koha item type Books
Edition 8th edition
Classification part 4521
Item part BOD
Call number prefix HG
Holdings
Withdrawn status Lost status Source of classification or shelving scheme Damaged status Not for loan Collection code Home library Current library Shelving location Date acquired Source of acquisition Total Checkouts Full call number Barcode Date last seen Date last checked out Copy number Price effective from Koha item type
    Library of Congress Classification     Non-fiction City Campus Library City Campus Library General Stacks 06/07/2022 American Embassy 1 HG4521 BOD 2009 032359 11/14/2022 11/07/2022 c. 1 06/07/2022 Books